000 00439nam a22001337a 4500
999 _c4260
_d4260
008 200728b ||||| |||| 00| 0 eng d
110 _91726
_aMinistry of information and Broad Casting, India.
245 1 0 _a A career in the armed forces
_cby Ministry of information and Broad Casting
260 _aDelhi
_bMinistry of information and Broad Casting, India
_c1950
300 _a50 p.
365 _d0.08
650 0 _aArmed Forces
942 _cBK